Estudio del Departamento de Mercadotecnia de la Empresa Conasupo /

Đã lưu trong:
Chi tiết về thư mục
Tác giả chính: Hernández Hernández, José de Jesús (autor)
Định dạng: Luận văn Sách
Ngôn ngữ:Tiếng Tây Ban Nha
Được phát hành: Guadalajara, México : edición de autor, 1977
Những chủ đề:
Các nhãn: Thêm thẻ
Không có thẻ, Là người đầu tiên thẻ bản ghi này!

MARC

LEADER 00000nam^a2200000^a^4500
001 000044223
005 20250521000000.0
009 20260310085844.535
037 |a Acervo ITESO - Biblioteca 
041 |a ESP 
090 |a LAE. 45 
100 |a Hernández Hernández, José de Jesús  |e (autor) 
245 1 0 |a Estudio del Departamento de Mercadotecnia de la Empresa Conasupo /  |c J. Hernández Hernández. 
264 1 |a Guadalajara, México :  |b edición de autor,  |c 1977 
300 |a 102 p. 
336 |a texto  |b txt  |2 rdacontenido 
337 |a sin mediación  |b n  |2 rdamedio 
338 |a volumen  |b nc  |2 rdasoporte 
502 |a ITESO Tesis de Licenciatura en Administración de Empresas 
649 |a XX 
650 |a Ciencias Administrativas 
650 |a Mercadotecnia 
650 |a Ventas -  |x Administración 
650 |a Paraestatales -  |z México 
650 |a Paraestatales 
910 |a Fondo General 
920 |a Impresos - Tesis del ITESO 
930 |a Colección General 
905 |a 104 
901 |a T009820100  |b IT2  |c TSS  |i 800982  |u 20250521 
902 |a https://opac.biblio.iteso.mx/vufind/Record/000044223